<?xml version="1.0" encoding="UTF-8"?>
<collection xmlns="http://www.loc.gov/MARC21/slim">
<record>
  <controlfield tag="001">143773</controlfield>
  <controlfield tag="005">20240827160445.0</controlfield>
  <datafield tag="037" ind1=" " ind2=" ">
    <subfield code="a">GDOC-2022-61260</subfield>
  </datafield>
  <datafield tag="970" ind1=" " ind2=" ">
    <subfield code="a">GDOC-2022-61260</subfield>
  </datafield>
  <datafield tag="041" ind1=" " ind2=" ">
    <subfield code="a">spa</subfield>
  </datafield>
  <datafield tag="041" ind1=" " ind2=" ">
    <subfield code="a">eng</subfield>
  </datafield>
  <datafield tag="540" ind1=" " ind2=" ">
    <subfield code="a">by-nc-sa</subfield>
    <subfield code="b">Creative Commons</subfield>
    <subfield code="c">3.0</subfield>
    <subfield code="u">http://creativecommons.org/licenses/by-nc-sa/3.0/</subfield>
  </datafield>
  <datafield tag="260" ind1=" " ind2=" ">
    <subfield code="a">Zaragoza</subfield>
    <subfield code="b">Universidad de Zaragoza</subfield>
    <subfield code="c">2022-2023</subfield>
  </datafield>
  <datafield tag="245" ind1="0" ind2="0">
    <subfield code="9">61260</subfield>
    <subfield code="a">Arqueología de la Hispania Antigua</subfield>
  </datafield>
  <datafield tag="242" ind1="0" ind2="0">
    <subfield code="9">61260</subfield>
    <subfield code="a">Archaeology in the Ancient Hispania</subfield>
  </datafield>
  <datafield tag="100" ind1=" " ind2=" ">
    <subfield code="0">(orcid)0000-0001-5006-8693</subfield>
    <subfield code="a">Lara María Íñiguez, Berrozpe</subfield>
    <subfield code="1">522291</subfield>
  </datafield>
  <datafield tag="700" ind1=" " ind2=" ">
    <subfield code="0">(orcid)0000-0002-5634-1096</subfield>
    <subfield code="a">Jesús Carlos Sáenz, Preciado</subfield>
    <subfield code="1">111158</subfield>
  </datafield>
  <datafield tag="700" ind1=" " ind2=" ">
    <subfield code="0">(orcid)0000-0001-8911-0393</subfield>
    <subfield code="a">Paula Uribe, Agudo</subfield>
    <subfield code="1">446993</subfield>
  </datafield>
  <datafield tag="830" ind1=" " ind2=" ">
    <subfield code="9">553</subfield>
  </datafield>
  <datafield tag="856" ind1="4" ind2=" ">
    <subfield code="s">16811</subfield>
    <subfield code="u">http://zaguan.unizar.es/record/143773/files/guia-61260-en.pdf</subfield>
    <subfield code="y">Guide (english)</subfield>
  </datafield>
  <datafield tag="856" ind1="4" ind2=" ">
    <subfield code="s">21317</subfield>
    <subfield code="u">http://zaguan.unizar.es/record/143773/files/guia-61260-es.pdf</subfield>
    <subfield code="y">Guía (idioma español)</subfield>
  </datafield>
  <datafield tag="521" ind1=" " ind2=" ">
    <subfield code="9">695</subfield>
    <subfield code="a">Máster Universitario en Mundo Antiguo y Patrimonio Arqueológico</subfield>
    <subfield code="b">Master's in the Ancient World and Archaeological Heritage</subfield>
  </datafield>
  <datafield tag="980" ind1=" " ind2=" ">
    <subfield code="a">GDOC</subfield>
    <subfield code="b">Arts and Humanities</subfield>
    <subfield code="b">Artes y Humanidades</subfield>
    <subfield code="c">103</subfield>
  </datafield>
</record>
</collection>